Mercado de capitales e introduccin̤ al mercado de divisas

Detalles Bibliográficos
Autor principal: Hoyos Walteros, Hernǹ
Otros Autores: Ramr̕ez Osorio, Jorge H., Redondo Ramr̕ez, Marlen Isabel
Formato: eBook
Lenguaje:español
Publicado: Bogot:̀ Ediciones de la U, 2019
Materias:
Acceso en línea:Acceso restringido

MARC

LEADER 00000nam a22000007a 4500
005 20191118143059.0
007 cr|||| ||||
008 191118s2019 co |||||s|||| 00||0 spa d
020 |a 978-958-762-966-8 
035 |a 30693 
040 |a vLex 
090 |c 10048  |d 10048 
100 1 |a Hoyos Walteros, Hernǹ 
245 1 0 |a Mercado de capitales e introduccin̤ al mercado de divisas  |h [Recurso electrn̤ico] /  |c Hernǹ Hoyos Walteros, Jorge H. Ramr̕ez Osorio, Marlen Isabel Redondo Ramr̕ez 
256 |a Servicio en ln̕ea 
260 |a Bogot:̀  |b Ediciones de la U,  |c 2019 
300 |a 1 recurso electrn̤ico 
506 1 |a Disponible solo en los productos indicados  |d vLex Global  |d vLex Global (Academic Edition, excluding Law Schools)  |d vLex Global (U.S. Academic Edition, Law Schools)  |d vLex Global (U.S. Academic Edition, excluding Law Schools)  |d vLex Global (Academic Edition, Law Schools) 
650 0 4 |a Derecho Mercantil y de la Empresa  |z Colombia 
650 0 4 |a Financiero  |z Colombia 
700 1 |a Ramr̕ez Osorio, Jorge H. 
700 1 |a Redondo Ramr̕ez, Marlen Isabel 
740 0 |a vLex Libros (Servicio en ln̕ea) 
856 4 0 |u http://vlex.com/source/mercado-capitales-introduccion-mercado-divisas-30693  |z Acceso restringido 
942 |c BOOK 
999 0 |a Commercial and Business Law 
999 0 |a Financial